Interakcia nástrojov marketingovej komunikácie diplomová práca

Enregistré dans:
Détails bibliographiques
Auteur principal: Fedorková, Marta
Collectivité auteur: Podnikovohospodárska fakulta EU so sídlom v Košiciach. Katedra obchodného podnikania
Autres auteurs: Naščáková, Jana
Format: Livre
Langue:slovaque
Publié: Košice 2018
Tags: Ajouter un tag
Pas de tags, Soyez le premier à ajouter un tag!

MARC

LEADER 00000nbm a2200000 4500
001 0244157
005 20181025084325.4
041 0 |a slo 
044 |a SK 
245 1 0 |a Interakcia nástrojov marketingovej komunikácie  |b diplomová práca  |c Marta Fedorková ; školiteľ: Jana Naščáková 
264 1 |a Košice  |c 2018 
300 |a 84 s. 
100 1 |a Fedorková, Marta 
700 1 |a Naščáková, Jana 
710 2 |a Podnikovohospodárska fakulta EU so sídlom v Košiciach. Katedra obchodného podnikania